000 00650nam a2200229Ia 4500
003 OSt
005 20230511095828.0
008 210423s2014 xx 000 0 und d
020 _a978-81-309-0960-8
040 _cAL
041 _aeng
082 _a820.8 NAIB
100 _aNAIR (M T Vasudevan)
_9102267
245 _aBear with me mother: memoirs and stories
_cKRISHNAKUTTY (Gita) Tr
260 _aNew Delhi
_bViva Books Pvt Ltd
_c2014
300 _a342p
_bPB
365 _b395
_cINR
650 _aEnglish Collections
_9102268
650 _aEnglish Literature
_9102269
906 _aBear ; me ; memoirs ; mother: ; stories
942 _2ddc
_cBK
999 _c165827
_d165827